Normal view
MARC view
- علي، محمد كمال خليل
Entry Personal Name
001 - CONTROL NUMBER
- control field: 66799
003 - CONTROL NUMBER IDENTIFIER
- control field: JO-AjAnu
005 - DATE AND TIME OF LATEST TRANSACTION
- control field: 20251012150109.0
008 - FIXED-LENGTH DATA ELEMENTS
- fixed length control field: 251012|| aca||aabn | a|a d
040 ## - CATALOGING SOURCE
- Original cataloging agency: JO-AjAnu
100 ## - HEADING--PERSONAL NAME
- Personal name: علي، محمد كمال خليل
- Relator term: مؤلف